LEADER 01207nam0-22003731i-450- 001 990000765600403321 005 20001010 035 $a000076560 035 $aFED01000076560 035 $a(Aleph)000076560FED01 035 $a000076560 100 $a20001010d--------km-y0itay50------ba 101 0 $aita 105 $ay-------001yy 200 1 $a<>strade di Torino negli schizzi di Guido Giordano$fPrefazione di Marco Piacentino$gcon schede biografiche diarchitetti sec. XVII-XX$ga cura di Maria Ognibene Giordano 210 $aPavone Canavese-Ivrea$cPriuli e Verl ucca$dcopyr. 1987. 215 $a112 p. 25x32 cm 225 1 $aGrandi libri 300 $aTesto in italiano e inglese. Altro front. in inglese. 610 0 $aPalazzi 610 0 $aStrade 610 0 $aDisegno architettonico 676 $a721 700 1$aGiordano,$bGuido$037985 702 1$aGiordano,$bGuido 702 1$aOgnibene Giordano,$bMaria 801 0$aIT$bUNINA$gRICA$2UNIMARC 901 $aBK 912 $a990000765600403321 952 $aMON B 500$b564$fFARBC 959 $aFARBC 996 $aStrade di Torino negli schizzi di Guido Giordano$9350325 997 $aUNINA DB $aING01 LEADER 01187nam--2200361---450- 001 990003091150203316 005 20080407105152.0 010 $a88-348-0416-3 035 $a000309115 035 $aUSA01000309115 035 $a(ALEPH)000309115USA01 035 $a000309115 100 $a20080407d1988----km-y0itay50------ba 101 $aita 102 $aIT 105 $a||||||||001yy 200 1 $a<> organi di governo nelle costituzioni europee degli anni 1975-1978$ecostituzioni di Svezia, Grecia (modificata nel 1986), Portogallo (modificata nel 1982), Spagna$fAntonino Pensovecchio Li Bassi 210 $aTorino$cG. Giappichelli$d1988 215 $a156 p.$d24 cm 410 0$12001 454 1$12001 461 1$1001-------$12001 606 0 $aGoverno$xCostituzione svedese 676 $a342.48504 700 1$aPENSOVECCHIO LI BASSI,$bAntonino$0234606 801 0$aIT$bsalbc$gISBD 912 $a990003091150203316 951 $a342.48504 PEN$b2857 DITESI (sez. 2 n. 733) 959 $aBK 969 $aDITESI 979 $aDITESI$b10$c20080407$lUSA01$h1051 996 $aOrgani di governo nelle costituzioni europee degli anni 1975-1978$9691288 997 $aUNISA